ბათუმის შოთა რუსთაველის სახელმწიფო უნივერსიტეტის ბიბლიოთეკა

სასოფლო-სამეურნეო მეტეოროლოგიისა და კლიმატოლოგიის პრაქტიკული სახელმძღვანელო (ბიბ.ჩანაწერი № 44413)

000 -LEADER
fixed length control field 01116nam a2200217Ia 4500
001 - CONTROL NUMBER
control field 11179
003 - CONTROL NUMBER IDENTIFIER
control field GE_BSU
008 - FIXED-LENGTH DATA ELEMENTS--GENERAL INFORMATION
fixed length control field 181216s||||||||xx |||||||||||||| ||und||
040 ## - CATALOGING SOURCE
Transcribing agency GE_BSU
080 ## - UNIVERSAL DECIMAL CLASSIFICATION NUMBER
Universal Decimal Classification number 63:551.5(075.8)+63:557.58(075.8)
100 ## - MAIN ENTRY--PERSONAL NAME
Personal name კელენჯერიძე კ.ბ.
245 ## - TITLE STATEMENT
Title სასოფლო-სამეურნეო მეტეოროლოგიისა და კლიმატოლოგიის პრაქტიკული სახელმძღვანელო
245 ## - TITLE STATEMENT
Statement of responsibility, etc. რედ. კ.ბ. კელენჯერიძე
260 ## - PUBLICATION, DISTRIBUTION, ETC.
Place of publication, distribution, etc. თბილისი.
260 ## - PUBLICATION, DISTRIBUTION, ETC.
Name of publisher, distributor, etc. შრომის წითელი დროშის ორდენის საქ. სას.-სამ. ინ-ტის გამ-ბა
260 ## - PUBLICATION, DISTRIBUTION, ETC.
Date of publication, distribution, etc. 1958
300 ## - PHYSICAL DESCRIPTION
Extent 225გვ.24სმ.
300 ## - PHYSICAL DESCRIPTION
Accompanying material დიაგრ.
653 ## - INDEX TERM--UNCONTROLLED
Uncontrolled term სასოფლო-სამეურნეო მეტეოროლოგიისა და კლიმატოლოგიის პრაქტიკული სახელმძღვანელო
942 ## - ADDED ENTRY ELEMENTS (KOHA)
Koha item type წიგნი
ეგზემპლარები
Withdrawn status Lost status Damaged status Not for loan Date acquired Barcode Date last seen Price effective from Koha item type
        2018-12-17 19221 2018-12-17 2018-12-17 წიგნი